00796nam a2200217Ia 4500008004000000020001800040082001700058100002400075245010700099260004900206300001000255650001400265650001000279650001800289650000700307650001700314690002800331906001100359999001900370952018900389210210b2010 xxu||||| |||| 00| 0 eng d a9780521138123 a327.101 GALC aGALLAROTTI (Giulio) aCosmopolitan power in international relationsbA synthesis of realism neoliberalism and constructivism aCambridgebCambridge University Pressc2010 ax,315 arelations apower ainternational ain aCosmopolitan aInternational Relations a069145 c153246d153246 001040708Political ScienceaALbALcPolitical Scienced2021-02-17ePrajwal Book Distributors, Bangalore-560061g1989.56l0o327.101 GALCp069145r2021-02-17 00:00:00w2021-02-17yBK